[Event "Nago Torbole op-A"]
[Site "Nago Torbole"]
[Date "2010.12.29"]
[Round "7"]
[White "Trento, Giacomo"]
[Black "Varzi, Florian"]
[Result "0-1"]
[WhiteElo "1876"]
[BlackElo "1618"]
[PlyCount "56"]
[EventDate "2010.12.26"]
[EventType "swiss"]
[EventRounds "7"]
[EventCountry "ITA"]
[SourceTitle "EXT 2024"]
[Source "ChessBase"]
[SourceDate "2023.10.10"]
[SourceVersion "1"]
[SourceVersionDate "2023.10.10"]
[SourceQuality "1"]

1. e4 e5 2. f4 exf4 3. Nf3 Nf6 4. e5 Nd5 5. Nc3 Nxc3 6. dxc3 Bc5 7. Bxf4 0-0 8. Bc4 d6 9. Qe2 Bg4 10. e6 d5 11. exf7+ Rxf7 12. 0-0-0 c6 13. Bd2 Nd7 14. Bd3 Qf8 15. Bxh7+ Kh8 16. Nh4 Kxh7 17. Qd3+ Bf5 18. Nxf5 Kg8 19. g4 Nf6 20. h3 Ne4 21. Be3 Bxe3+ 22. Qxe3 Re8 23. Qf4 Kh7 24. Rhg1 g6 25. g5 Rxf5 26. Qh4+ Kg8 27. c4 Rf4 28. Qe1 Nf2 0-1

[Event "Condino op"]
[Site "Condino"]
[Date "2010.07.26"]
[Round "2"]
[White "Varzi, Florian"]
[Black "Filosi, Gianluigi"]
[Result "0-1"]
[WhiteElo "1467"]
[BlackElo "1818"]
[PlyCount "34"]
[EventDate "2010.07.26"]
[EventType "swiss"]
[EventRounds "7"]
[EventCountry "ITA"]
[SourceTitle "CBM 137 Extra"]
[Source "ChessBase"]
[SourceDate "2010.09.01"]
[SourceVersion "1"]
[SourceVersionDate "2010.09.01"]
[SourceQuality "1"]

1. e4 d6 2. d4 Nf6 3. Nc3 g6 4. f4 Bg7 5. Bc4 Na6 6. h3 c5 7. Bxa6 bxa6 8. dxc5 Qa5 9. Qf3 Bb7 10. Bd2 Qxc5 11. Nge2 0-0 12. g4 Qc4 13. Ng3 Rab8 14. h4 d5 15. b3 dxe4 16. Qd1 Qd4 17. Rb1 e3 0-1